000 00701nam a2200265Ia 4500
005 20260302113927.0
008 008 260114s9999 xx 000 0 eng d
020 _a9781350139435
037 _aTextbook
040 _aCRL
040 _beng
040 _cCRL
041 _2eng
041 _aeng
084 _qCRL
100 _aJamin Pelkey and Paul Cobley
_91117238
245 0 _aBloomsbury Semiotics Volume 4: Semiotic Movements
260 _bBloomsbury
260 _bBloomsbury Academic
260 _c2023
650 _aLinguistics
856 _uhttps://doi.org/10.5040/9781350139435?locatt=label:secondary_bloomsburyCollections
942 _cEBOOK
999 _c1680731
_d1680731